000 00664nam a2200145 a 4500
008 130313s2012 ||||||||||||||||| || u
050 _aTHESIS/HRM
100 _aKalimbika, Charm
245 1 3 _aAn assessment of health and safety measures associated with agrochemicals in agricultural sector in Zambia
_cby Charm Kalimbika
260 _aKitwe:
_bCopperbelt University, School of Business, Department of Postgraduate studies
_c2012
300 _axii, 98p.: ill.
500 _aBibliography
650 _aAGRICULTURAL SECTOR--ZAMBIA
995 _FCBU-MAIN LIBRARY (Kitwe)
_M1
_UAVAILABLE
_WMar 13, 2013
_ZUniversity Collection
999 _c35031
_d35031